00698nam a22002171 4500001000500000005001700005040002300022050001800045082001000063100002000073245004200093250004500135260003000180300004100210505000800251520014300259521002000402521002000422650001900442700001900461128420250630100908.0 aDLCcDLCdDLCbeng00aPZ7.C5792bRi00a[Fic]1 aCleary, Beverly10aRibsy.cIllustrated by Louis Darling. aFirst Avon Camelot Printing: August 1992 aNew York,bMorrow,c1964. a192 pages : bIllustrations ;c20 cm aU  aSeparated from his owner, Henry Huggins, in a shopping center parking lot, an ordinary city dog begins a string of bewildering adventures. a820 bLexile  aR bRaz-Plus  1aDogsxFiction.1 aDarling, Louis